LEADER 01447oam 2200445zu 450 001 9910140999703321 005 20241212220043.0 010 $a9789662191172 010 $a9662191178 035 $a(CKB)2670000000082942 035 $a(SSID)ssj0000527850 035 $a(PQKBManifestationID)12207307 035 $a(PQKBTitleCode)TC0000527850 035 $a(PQKBWorkID)10545068 035 $a(PQKB)10353352 035 $a(EXLCZ)992670000000082942 100 $a20160829d2011 uy 101 0 $aeng 181 $ctxt 182 $cc 183 $acr 200 10$a2011 11th International Conference the Experience of Designing and Application of CAD Systems in Microelectronics 210 31$a[Place of publication not identified]$cIEEE$d2011 300 $aBibliographic Level Mode of Issuance: Monograph 311 08$a9781457700422 311 08$a1457700425 606 $aDisseny assistit per ordinador$2thub 606 $aMicroelectrònica$2thub 606 $aDisseny de sistemes$2thub 608 $aCongressos$2thub 608 $aLlibres electrònics$2thub 615 7$aDisseny assistit per ordinador 615 7$aMicroelectrònica 615 7$aDisseny de sistemes 702 $aIEEE Staff 801 0$bPQKB 906 $aPROCEEDING 912 $a9910140999703321 996 $a2011 11th International Conference the Experience of Designing and Application of CAD Systems in Microelectronics$92545516 997 $aUNINA